| 000 | 00559nam a22001937a 4500 | ||
|---|---|---|---|
| 005 | 20251108174856.0 | ||
| 008 | 250721s2009 xx 000 0 ara d | ||
| 082 | 1 | 4 | _a923.1/راف |
| 100 | 1 |
_aرافع، ساهر _eمؤلف |
|
| 245 | 1 | 0 | _aقطز : قاهر التتار / |
| 264 | 1 |
_aالجيزة : _bدار مشارق للنشر، _c2009. |
|
| 300 | _a128 ص. | ||
| 650 | 1 | 7 | _aالتراجم |
| 650 | 1 | 7 | _aالقادة الدينيون |
| 650 | 1 | 7 | _aالمغول |
| 650 | 1 | 7 | _aالتاريخ الإسلامي |
| 942 |
_2ddc _cBK |
||
| 999 |
_c120358 _d120358 |
||